| 000 | 00351nam a2200145Ia 4500 | ||
|---|---|---|---|
| 005 | 20251222144843.0 | ||
| 008 | 251222s9999||||xx |||||||||||||| ||spa|| | ||
| 020 | _a8432207829 | ||
| 082 | _a863.64/M42 | ||
| 100 | _aMendoza, Eduardo | ||
| 245 | 0 | _aSin Noticias de Gurb | |
| 250 | _a1ra.ed. | ||
| 264 | _bEditorial Seix Barral, S.A. | ||
| 942 | _cLIB | ||
| 999 |
_c21291 _d21291 |
||